How many times you can type in egg - Statistics

General Stats
  • This quiz has been taken 349 times
  • The average score is 95 of 100
Answer Stats
Answer % Correct
egg
100%
egg
100%
egg
100%
egg
100%
egg
100%
egg
99%
egg
99%
egg
99%
egg
99%
egg
99%
egg
98%
egg
98%
egg
98%
egg
98%
egg
98%
egg
98%
egg
98%
egg
98%
egg
98%
egg
98%
egg
97%
egg
97%
egg
97%
egg
96%
egg
96%
egg
96%
egg
96%
egg
96%
egg
95%
egg
95%
egg
95%
egg
95%
egg
95%
egg
95%
egg
95%
egg
94%
egg
94%
egg
94%
egg
94%
egg
94%
egg
94%
egg
94%
egg
94%
egg
94%
egg
94%
egg
94%
egg
94%
egg
94%
egg
94%
egg
94%
egg
94%
egg
94%
egg
94%
egg
94%
egg
94%
egg
94%
egg
94%
egg
94%
egg
94%
egg
94%
egg
94%
egg
94%
egg
94%
egg
94%
egg
94%
egg
94%
egg
94%
egg
94%
egg
94%
egg
94%
egg
94%
egg
94%
egg
94%
egg
94%
egg
94%
egg
94%
egg
94%
egg
94%
egg
94%
egg
94%
egg
94%
egg
94%
egg
94%
egg
94%
egg
94%
egg
94%
egg
94%
egg
94%
egg
94%
egg
94%
egg
94%
egg
94%
egg
94%
egg
94%
egg
94%
egg
94%
egg
94%
egg
94%
egg
94%
egg
94%
No matching quizzes found
Score Distribution
Percent of People with Each Score
Percentile by Number Answered
Your Score History
You have not taken this quiz